Michaelem (Record no. 186525)

MARC details
000 -LEADER
campo de control de longitud fija 01182nam a2200289 i 4500
001 - NÚMERO DE CONTROL
campo de control 186525
003 - IDENTIFICADOR DE NÚMERO DE CONTROL
campo de control SpMaBN
005 - FECHA Y HORA DE LA ÚLTIMA TRANSACCIÓN
campo de control 20250902090038.0
008 - DATOS DE LONGITUD FIJA--INFORMACIÓN GENERAL
campo de control de longitud fija 161122s2011 sp a |||| | spa d
020 ## - NÚMERO INTERNACIONAL ESTÁNDAR DEL LIBRO
Número Internacional Estándar del Libro 978-84-89318-00-7
080 ## - NÚMERO DE LA CLASIFICACIÓN DECIMAL UNIVERSAL
Número de la Clasificación Decimal Universal 726.76(460.154)
080 ## - NÚMERO DE LA CLASIFICACIÓN DECIMAL UNIVERSAL
Número de la Clasificación Decimal Universal 726.54(460.154)
080 ## - NÚMERO DE LA CLASIFICACIÓN DECIMAL UNIVERSAL
Número de la Clasificación Decimal Universal 248.159(460.154)
100 1# - ENTRADA PRINCIPAL--NOMBRE DE PERSONA
Nombre de persona Muñagorri Laguía, Miguel.
9 (RLIN) 137531
245 10 - MENCIÓN DEL TÍTULO
Título Michaelem
Resto del título : San Miguel en el camino guipuzcoano de las estrellas /
Mención de responsabilidad, etc. Miguel Muñagorri.
246 30 - FORMA VARIANTE DEL TITULO
Título propio/Titulo breve San Miguel en el camino guipuzcoano de las estrellas
260 ## - PUBLICACIÓN, DISTRIBUCIÓN, ETC.
Lugar de publicación, distribución, etc. Madrid :
Nombre del editor, distribuidor, etc. Delegación en Corte de la R.S.B.A.P.,
Fecha de publicación, distribución, etc. 2011.
300 ## - DESCRIPCIÓN FÍSICA
Extensión 92 p. :
Otras características físicas il. ;
Dimensiones 20 x 20 cm.
504 ## - NOTA DE BIBLIOGRAFÍA, ETC.
Nota de bibliografía, etc. Bibliografía: p. 91-92.
594 ## - Nota al título y mención de responsabilidad
Nota al título y mención de responsabilidad Precede al tít.: Real Sociedad Bascongada de los Amigos del País, Delegación en Corte = Euskalerriaren Adiskideen Elkartea, Gorteko Ordezkaritza.
594 ## - Nota al título y mención de responsabilidad
Nota al título y mención de responsabilidad En port.: Eusko Jaurlaritza = Gobierno Vasco.
650 #7 - PUNTO DE ACCESO ADICIONAL DE MATERIA--TÉRMINO DE MATERIA
Término de materia o nombre geográfico como elemento de entrada Iglesias-
Subdivisión geográfica Guipúzcoa.
9 (RLIN) 161355
650 #7 - PUNTO DE ACCESO ADICIONAL DE MATERIA--TÉRMINO DE MATERIA
Término de materia o nombre geográfico como elemento de entrada Miguel (Arcángel)-
Subdivisión general Culto.
9 (RLIN) 161356
710 2# - ENTRADA AGREGADA--NOMBRE DE ENTIDAD CORPORATIVA
Nombre de entidad corporativa o nombre de jurisdicción como elemento de entrada Real Sociedad Bascongada de los Amigos del País.
Unidad subordinada Delegación en Corte
9 (RLIN) 6371
852 ## - LOCALIZACIÓN
Ubicación ES-MaACL
Número de control de estantería L-30870
Holdings
Estatus retirado Estado de pérdida Estado de daño No para préstamo Biblioteca de origen Biblioteca actual Ubicación en estantería Fecha de adquisición Fuente de adquisición Total de préstamos Signatura topográfica completa Código de barras Visto por última vez Precio de reemplazo Tipo de ítem Koha
        Biblioteca del Ateneo de Madrid Biblioteca del Ateneo de Madrid Depósito 2 22/11/2016     L-30870 1196692 23/02/2023 23/02/2023 Libro impreso